000 00456cam a22001457a 4500
008 180718b1996 xxu||||| |||| 00| 0 eng d
082 _aI552 R752
245 _aOperational research for development
_cedited by Jonathan Rosenhead and Arabinda Tripathy
260 _aNew Delhi
_bNew Age
_c1996
300 _a357p.
650 _aEconomic development - India
650 _aOperational research
700 _aTripathy, Arabinda
700 _aRosenhead, Jonathan
999 _c380926
_d380926